<?xml version="1.0" encoding="UTF-8"?>
<record
    xmlns:xsi="http://www.w3.org/2001/XMLSchema-instance"
    xsi:schemaLocation="http://www.loc.gov/MARC21/slim http://www.loc.gov/standards/marcxml/schema/MARC21slim.xsd"
    xmlns="http://www.loc.gov/MARC21/slim">

  <leader>01088    a2200265   4500</leader>
  <controlfield tag="003">NALT</controlfield>
  <controlfield tag="005">20250403100933.0</controlfield>
  <controlfield tag="008">220613b        th ||||| |||| 00| 0 tha d</controlfield>
  <datafield tag="020" ind1=" " ind2=" ">
    <subfield code="a">9789740216407</subfield>
  </datafield>
  <datafield tag="040" ind1=" " ind2=" ">
    <subfield code="a">NALT</subfield>
  </datafield>
  <datafield tag="050" ind1=" " ind2=" ">
    <subfield code="a">AC 159</subfield>
    <subfield code="b">&#xE2B;159&#xE1E; 2561</subfield>
  </datafield>
  <datafield tag="100" ind1="0" ind2=" ">
    <subfield code="a">&#xE2B;&#xE19;&#xE38;&#xE48;&#xE21;&#xE40;&#xE21;&#xE37;&#xE2D;&#xE07;&#xE08;&#xE31;&#xE19;&#xE17;&#xE4C;</subfield>
    <subfield code="9">11624</subfield>
  </datafield>
  <datafield tag="245" ind1="1" ind2="0">
    <subfield code="a">&#xE40;&#xE1E;&#xE23;&#xE32;&#xE30;&#xE09;&#xE30;&#xE19;&#xE31;&#xE49;&#xE19; &#xE09;&#xE31;&#xE19;&#xE08;&#xE36;&#xE07;&#xE16;&#xE32;&#xE21; /</subfield>
    <subfield code="c">&#xE2B;&#xE19;&#xE38;&#xE48;&#xE21;&#xE40;&#xE21;&#xE37;&#xE2D;&#xE07;&#xE08;&#xE31;&#xE19;&#xE17;&#xE4C;.</subfield>
  </datafield>
  <datafield tag="250" ind1=" " ind2=" ">
    <subfield code="a">&#xE1E;&#xE34;&#xE21;&#xE1E;&#xE4C;&#xE04;&#xE23;&#xE31;&#xE49;&#xE07;&#xE17;&#xE35;&#xE48; 1.</subfield>
  </datafield>
  <datafield tag="260" ind1=" " ind2=" ">
    <subfield code="a">&#xE01;&#xE23;&#xE38;&#xE07;&#xE40;&#xE17;&#xE1E;&#xE2F; :</subfield>
    <subfield code="b">&#xE21;&#xE15;&#xE34;&#xE0A;&#xE19;,</subfield>
    <subfield code="c">2561.</subfield>
  </datafield>
  <datafield tag="300" ind1=" " ind2=" ">
    <subfield code="a">237 &#xE2B;&#xE19;&#xE49;&#xE32; :</subfield>
    <subfield code="b">&#xE20;&#xE32;&#xE1E;&#xE1B;&#xE23;&#xE30;&#xE01;&#xE2D;&#xE1A; ;</subfield>
    <subfield code="c">21 &#xE0B;&#xE21;.</subfield>
  </datafield>
  <datafield tag="490" ind1=" " ind2="0">
    <subfield code="a">&#xE1F;&#xE32;&#xE2A;&#xE15;&#xE4C;&#xE1F;&#xE39;&#xE49;&#xE14;&#xE18;&#xE38;&#xE23;&#xE01;&#xE34;&#xE08; ; </subfield>
    <subfield code="v">&#xE25;&#xE33;&#xE14;&#xE31;&#xE1A;&#xE17;&#xE35;&#xE48; 25</subfield>
  </datafield>
  <datafield tag="650" ind1=" " ind2="4">
    <subfield code="9">545</subfield>
    <subfield code="a">&#xE23;&#xE27;&#xE21;&#xE40;&#xE23;&#xE37;&#xE48;&#xE2D;&#xE07;</subfield>
  </datafield>
  <datafield tag="650" ind1=" " ind2="4">
    <subfield code="9">7244</subfield>
    <subfield code="a">&#xE04;&#xE27;&#xE32;&#xE21;&#xE23;&#xE39;&#xE49;&#xE17;&#xE31;&#xE48;&#xE27;&#xE44;&#xE1B;</subfield>
  </datafield>
  <datafield tag="700" ind1="0" ind2=" ">
    <subfield code="9">39585</subfield>
    <subfield code="a">&#xE2A;&#xE23;&#xE01;&#xE25; &#xE2D;&#xE14;&#xE38;&#xE25;&#xE22;&#xE32;&#xE19;&#xE19;&#xE17;&#xE4C;</subfield>
  </datafield>
  <datafield tag="850" ind1=" " ind2=" ">
    <subfield code="a">NALT</subfield>
  </datafield>
  <datafield tag="942" ind1=" " ind2=" ">
    <subfield code="2">lcc</subfield>
    <subfield code="c">GB</subfield>
  </datafield>
  <datafield tag="996" ind1=" " ind2=" ">
    <subfield code="a">saiphon.d</subfield>
    <subfield code="b">CATSTF	</subfield>
    <subfield code="c">2023-08-29</subfield>
  </datafield>
  <datafield tag="999" ind1=" " ind2=" ">
    <subfield code="c">100250</subfield>
    <subfield code="d">100250</subfield>
  </datafield>
  <datafield tag="998" ind1=" " ind2=" ">
    <subfield code="j">8</subfield>
    <subfield code="k"> &#xE19;&#xE32;&#xE22;&#xE1A;&#xE31;&#xE13;&#xE11;&#xE34;&#xE15;  &#xE2D;&#xE38;&#xE17;&#xE32;&#xE27;&#xE07;&#xE04;&#xE4C;</subfield>
  </datafield>
  <datafield tag="952" ind1=" " ind2=" ">
    <subfield code="0">0</subfield>
    <subfield code="1">0</subfield>
    <subfield code="2">lcc</subfield>
    <subfield code="4">0</subfield>
    <subfield code="7">0</subfield>
    <subfield code="8">CGBL</subfield>
    <subfield code="a">NALT</subfield>
    <subfield code="b">NALT</subfield>
    <subfield code="c">GEN</subfield>
    <subfield code="d">2022-06-02</subfield>
    <subfield code="e">20</subfield>
    <subfield code="l">2</subfield>
    <subfield code="m">1</subfield>
    <subfield code="o">AC 159 &#xE2B;159&#xE1E; 2561</subfield>
    <subfield code="p">3961212751</subfield>
    <subfield code="r">2025-04-18 00:00:00</subfield>
    <subfield code="s">2025-04-03</subfield>
    <subfield code="t">&#xE09;.1</subfield>
    <subfield code="w">2022-06-02</subfield>
    <subfield code="y">GB</subfield>
  </datafield>
  <datafield tag="952" ind1=" " ind2=" ">
    <subfield code="0">0</subfield>
    <subfield code="1">0</subfield>
    <subfield code="2">lcc</subfield>
    <subfield code="4">0</subfield>
    <subfield code="7">0</subfield>
    <subfield code="8">CGBL</subfield>
    <subfield code="a">NALT</subfield>
    <subfield code="b">NALT</subfield>
    <subfield code="c">GEN</subfield>
    <subfield code="d">2022-06-02</subfield>
    <subfield code="e">20</subfield>
    <subfield code="l">1</subfield>
    <subfield code="m">1</subfield>
    <subfield code="o">AC 159 &#xE2B;159&#xE1E; 2561</subfield>
    <subfield code="p">3961212880</subfield>
    <subfield code="r">2022-07-11 00:00:00</subfield>
    <subfield code="s">2022-06-27</subfield>
    <subfield code="t">&#xE09;.2</subfield>
    <subfield code="w">2022-06-02</subfield>
    <subfield code="y">GB</subfield>
  </datafield>
</record>
